Louane - quelles chansons pour quel album - Statistiques

Statistiques générales
  • Ce quiz a été pris 6 fois
  • Le résultat moyen est 68 sur 91
Statistiques - réponses
Hint Réponse % Correct
Avenir Chambre12
100%
Chambre 12 Chambre12
100%
Je vole
Chambre12
100%
Jour 1 Chambre12
100%
Maman 2015 Chambre12
100%
Aimer à mort Joie de vivre
100%
Derrière le brouillard Joie de vivre
100%
Désolée Joie de vivre
100%
Mademoiselle tout le monde Joie de vivre
100%
Toute ma vie Joie de vivre
100%
Blonde Louane
100%
Ecchymoses Louane
100%
Aidez-moi Sentiments
100%
Aidez moi Sentiments
100%
A quoi tu penses ? Sentiments
100%
A quoi tu penses vraiment ? Sentiments
100%
Avant Sentiments
100%
Capitaine Feat Styleto Sentiments
100%
Dans ma tête Sentiments
100%
La fille Sentiments
100%
Le bateau coule Sentiments
100%
Les étoiles Sentiments
100%
Les excuses Sentiments
100%
Nuages Sentiments
100%
Secret Sentiments
100%
Tu me manques Sentiments
100%
Je pleure Solo
100%
Solo Solo
100%
Alien Chambre12
75%
Du courage Chambre12
75%
La fuite Chambre12
75%
Nos secrets Chambre12
75%
A l'autre Joie de vivre
75%
Donne moi ton coeur Joie de vivre
75%
Fais le bien Joie de vivre
75%
Interlude Joie de vivre
75%
J'peux pas Joie de vivre
75%
Les gens Joie de vivre
75%
Poésie indécise Joie de vivre
75%
Sans ta voix Joie de vivre
75%
Songes Joie de vivre
75%
Thérapie Joie de vivre
75%
Tornade Joie de vivre
75%
3919 Joie de vivre
75%
Immobile Louane
75%
It wont kill ya Louane
75%
Jour de pluie Louane
75%
Lego Louane
75%
Midi sur novembre Louane
75%
No Louane
75%
Non-sens Louane
75%
On était beau Louane
75%
Pour oublier l'amour Louane
75%
Si t'étais là Louane
75%
When we go home Louane
75%
Pardonne moi Sentiments
75%
STP Sentiments
75%
Tu m'as dit Sentiments
75%
Douce Solo
75%
Et si Solo
75%
Kiss or kill her Solo
75%
Monde Solo
75%
Quand tu mens Solo
75%
Reste Solo
75%
Toi Solo
75%
Incontrôlable Chambre12
50%
Jeune Chambre12
50%
Notre amour boit la tasse Chambre12
50%
Nous Chambre12
50%
Rester seule Chambre12
50%
Tourne Chambre12
50%
Tranquille Chambre12
50%
C'est nouveau Joie de vivre
50%
Comment faire Joie de vivre
50%
Love Joie de vivre
50%
Peut-être Joie de vivre
50%
Ta peau Joie de vivre
50%
Nuit pourpre Louane
50%
Chiens Sans
50%
My own beat Feat Clean Bandit Sentiments
50%
Parano Sentiments
50%
Demain Solo
50%
Rien ne dure Solo
50%
Soleil Solo
50%
Souvenirs Solo
50%
Tu l'sais déjà Solo
50%
Pleure Joie de vivre
25%
Sans arrêt Louane
25%
Game girl Sans
25%
La pluie Sans
25%
Maman 2024 Sans
25%
Aucun quiz correspondant
Distribution des résultats
% des personnes avec chaque résultat
Percentile par nombre de réponses
Votre historique - résultats
Vous n’avez pas pris ce quiz